• 首页
  • 本馆介绍
  • 公告通知
  • 最新文献
  • 馆藏检索
  • 电子资源
  • 读者导购
  • 参考咨询
  • 我的图书馆
  • 登录
  • 详细信息显示
  • 放入我的书架
  • 预约/预借图书
  • 作者相关作品
  • 分类相关作品
  • 丛书相关作品
  • 出版社相关作品

书目信息

  • 表格格式
  • 工作单格式
  • 卡片格式
题名:
公共关系通论
    
 
作者: 赵光辉 编
分册:  
出版信息: 北京   中国林业出版社  1993
页数: 275页
开本: 20cm
丛书名:
单 册:
中图分类: C , C912.3
科图分类:
主题词: 社会科学总论
电子资源:
ISBN: 7-5038-1186-2
000 00625nam0 2200241 450
001 0120111029270m
005 20130220052128.0
010    @a7-5038-1186-2@dCNY5.00
011    @a7-5038-1186-2
100    @a20130219d1993 em y0chiy0121 ea
101 0  @achi
102    @aCN
105    @ay z 000yy
106    @ar
200 1  @a公共关系通论@9Gong Gong Guan Xi;Ji Tong Lun @f赵光辉等编
210    @a北京@c中国林业出版社@d1993
215    @a275页@d20cm
606 0  @a社会科学总论
690    @aC@v4
690    @aC912.3@v4
701  0 @a赵光辉@9Zhao Guang Hui@4编
801  0 @aCN@b91MARC@c20130904
905    @aBZT@dC@e6@f1@sC/6
    
    公共关系通论/赵光辉等编.-北京:中国林业出版社,1993
    275页;20cm
    
    
    ISBN 7-5038-1186-2:CNY5.00
    
●
相关链接 在五车中查询图书 在当当中查询图书 在豆瓣中查询图书


正题名:公共关系通论     索取号:C/6         预约/预借

序号 登录号 条形码 馆藏地/架位号 状态 备注
1 2000105253   2000105253   旧书回溯/ [索取号:C/6] 在馆    
山东省滨州职业学院图书馆 欢迎您!
大连网信软件有限公司© 版权所有